000 00433cam a22001217a 4500
008 180718b1998 xxu||||| |||| 00| 0 eng d
082 _aI57x54 C333
245 _aIncentive schems in state transport under takings
_cby Central Institute of Road Transport
260 _aPune
_bCentral Institute of Road Transport
_c1998
300 _a143p.
650 _aRoad transport - India
700 _aMaharashtra. Central Institute of Road Transport
999 _c403238
_d403238